Statistics for Квиз о Израелу

Click here to take the quiz!

General Stats

  • This quiz has been taken 105 times
  • The average score is 9 of 20

Answer Stats

ОписОдговор% Correct
Град који је правно гледано главни град Израела, иако многе државе то не признајуЈерусалим
96%
Два мора на која Израел излазиСредоземно море
88%
Предмет који се појављује на застави{Давид}ова звезда
80%
Два највећа града на израелској обалиТел Авив
78%
Назив сланог унутрашњег мора, на 430 метара испод нивоа мораМртво море
75%
Званичан језикХебрејски
71%
Река на источној границиЈордан
71%
Два мора на која Израел излазиЦрвено море
71%
Полуострво које је Израел вратио Египту 1982. годинеСинај
58%
Назив израелске обавештајне агенцијеМосад
52%
Два највећа града на израелској обалиХаифа
43%
Рат у којем је учествовао Израел 1967. годинеШестодневни рат
29%
Политички покрет да се Јевреји врате у Израел{Цион}изам
25%
Сиријска област коју је Израел заузео 1967. године{Голан}ска висораван
24%
Државна валутаШекел
20%
Рат у којем је учествовао Израел 1973. годинеЈомкипурски рат
14%
Пустиња која чини јужну половину ИзраелаНегев
10%
Водена површина по којој је Исус ходаоГалилејско језеро
10%
Назив израелског парламентаКнесет
8%
Два Израелца који су добили Нобелову награду за мир, заједно са Јасером Арафатом 1994. године
(именуј било ког)
Јицак Рабин /
Шимон Перес
4%

Score Distribution

Percentile by Number Answered

Percent of People with Each Score

Your Score History

You have not taken this quiz